| 000 | 00579nam a2200169 a 4500 | ||
|---|---|---|---|
| 001 | 000036393 | ||
| 005 | 20200930075715.0 | ||
| 008 | 120116s1986 sp ac 000 0 spa d | ||
| 040 |
_aDO-SdBNP _bspa _cBNPHU |
||
| 082 |
_axxx _bF979 |
||
| 240 | 1 | 0 |
_aAssessing vital functions accurately _lespañol |
| 245 | 0 | 0 |
_aFunciones vitales : _bexamen y valoración / _cClinical editor Barbara McVan ; traducción Angeles Peiró. |
| 260 |
_aBarcelona : _bDoyma, _c1986. |
||
| 300 |
_a192 p. : _bil., retr. ; _c24 cm. |
||
| 700 | 1 |
_aMcVan, Barbara _962297 |
|
| 700 | 1 |
_aPeiró, Angeles, _etr. _962542 |
|
| 999 |
_c35884 _d35884 |
||